<?xml version="1.0" encoding="UTF-8"?>
<record
    xmlns:xsi="http://www.w3.org/2001/XMLSchema-instance"
    xsi:schemaLocation="http://www.loc.gov/MARC21/slim http://www.loc.gov/standards/marcxml/schema/MARC21slim.xsd"
    xmlns="http://www.loc.gov/MARC21/slim">

  <leader>02262na  a2200433   4500</leader>
  <controlfield tag="001">16364</controlfield>
  <controlfield tag="003">MIRAKIL</controlfield>
  <controlfield tag="005">20181213155215.0</controlfield>
  <controlfield tag="008">170213b        tu            000 0      </controlfield>
  <datafield tag="035" ind1=" " ind2=" ">
    <subfield code="a">16364</subfield>
  </datafield>
  <datafield tag="040" ind1=" " ind2=" ">
    <subfield code="a">Milas</subfield>
    <subfield code="b">tur</subfield>
    <subfield code="c">TR-AnCHP</subfield>
  </datafield>
  <datafield tag="041" ind1=" " ind2=" ">
    <subfield code="a">tur</subfield>
  </datafield>
  <datafield tag="082" ind1=" " ind2=" ">
    <subfield code="a">CHP 324.217207</subfield>
    <subfield code="b">O62c 1940</subfield>
  </datafield>
  <datafield tag="090" ind1=" " ind2=" ">
    <subfield code="a">CHP 324.217207 O62c 1940</subfield>
  </datafield>
  <datafield tag="100" ind1=" " ind2=" ">
    <subfield code="a">Oraman, Nail</subfield>
  </datafield>
  <datafield tag="222" ind1=" " ind2=" ">
    <subfield code="a">Cumhuriyet Halk Partisi Konferanslar&#x131;</subfield>
  </datafield>
  <datafield tag="245" ind1=" " ind2=" ">
    <subfield code="a">Ba&#x11F;c&#x131;l&#x131;k sahas&#x131;nda; Kastamoni meyvecili&#x11F;ine biyolojik bir bak&#x131;&#x15F;; &#xC7;enelerin fena kapanmas&#x131; ve bunlar&#x131; v&#xFC;cude getiren sebeplerin meni; Memleketimizin t&#x131;bbi nebati mahsulleri(droglar&#x131;) hakk&#x131;nda bir ka&#xE7; s&#xF6;z; Parazitlerin biyolojisinde muhtelif hayvanlar&#x131;n rol&#xFC; ve insanlara naklettikleri hastal&#x131;klar&#x131;n ehemmiyeti</subfield>
    <subfield code="c">Nail Oraman; L&#xFC;tf&#xFC; &#xDC;lk&#xFC;men; Suat &#x130;smail G&#xFC;rkan; Na&#x15F;it Baylav; &#x15E;&#xFC;kr&#xFC; Oytun</subfield>
  </datafield>
  <datafield tag="260" ind1=" " ind2=" ">
    <subfield code="a">[Ankara ]</subfield>
    <subfield code="b">CHP</subfield>
    <subfield code="c">1940</subfield>
    <subfield code="f">Recep Uluso&#x11F;lu Bas&#x131;mevi</subfield>
  </datafield>
  <datafield tag="300" ind1=" " ind2=" ">
    <subfield code="a">62 s.</subfield>
    <subfield code="c">23 sm.</subfield>
  </datafield>
  <datafield tag="440" ind1=" " ind2=" ">
    <subfield code="a">C.H.P.</subfield>
    <subfield code="p">Konferanslar serisi</subfield>
    <subfield code="v">22</subfield>
  </datafield>
  <datafield tag="500" ind1=" " ind2=" ">
    <subfield code="a">Yap&#x131;t, yazarlar&#x131;n konferans konu&#x15F;malar&#x131;n&#x131; i&#xE7;ermektedir</subfield>
  </datafield>
  <datafield tag="505" ind1=" " ind2=" ">
    <subfield code="a">Ba&#x11F;c&#x131;l&#x131;k sahas&#x131;nda/ Nail Oraman; Kastamoni meyvecili&#x11F;ine biyolojik bir bak&#x131;&#x15F;/L&#xFC;tf&#xFC; &#xDC;lk&#xFC;men; &#xC7;enelerin fena kapanmas&#x131; ve bunlar&#x131; v&#xFC;cude getiren sebeplerin meni/ Suat &#x130;smail G&#xFC;rkan; Memleketimizin t&#x131;bbi nebati mahsulleri(droglar&#x131;) hakk&#x131;nda bir ka&#xE7; s&#xF6;z/ Na&#x15F;it Baylav; Parazitlerin biyolojisinde muhtelif hayvanlar&#x131;n rol&#xFC; ve insanlara naklettikleri hastal&#x131;klar&#x131;n ehemmiyeti/ &#x15E;&#xFC;kr&#xFC; Oytun</subfield>
  </datafield>
  <datafield tag="610" ind1=" " ind2=" ">
    <subfield code="a">Cumhuriyet Halk Partisi (CHP)</subfield>
    <subfield code="x">Konferanslar ve seminerler</subfield>
  </datafield>
  <datafield tag="650" ind1=" " ind2=" ">
    <subfield code="a">Biyoloji</subfield>
  </datafield>
  <datafield tag="650" ind1=" " ind2=" ">
    <subfield code="a">Eczac&#x131;l&#x131;k</subfield>
  </datafield>
  <datafield tag="650" ind1=" " ind2=" ">
    <subfield code="a">T&#x131;p</subfield>
  </datafield>
  <datafield tag="650" ind1=" " ind2=" ">
    <subfield code="a">Tar&#x131;m</subfield>
  </datafield>
  <datafield tag="657" ind1=" " ind2=" ">
    <subfield code="a">CHP konferanslar&#x131;</subfield>
  </datafield>
  <datafield tag="700" ind1=" " ind2=" ">
    <subfield code="a">Oytun, &#x15E;&#xFC;kr&#xFC;</subfield>
  </datafield>
  <datafield tag="700" ind1=" " ind2=" ">
    <subfield code="a">Baylav, Na&#x15F;it</subfield>
  </datafield>
  <datafield tag="700" ind1=" " ind2=" ">
    <subfield code="a">G&#xFC;rkan, Suat &#x130;smail</subfield>
  </datafield>
  <datafield tag="700" ind1=" " ind2=" ">
    <subfield code="a">&#xDC;lk&#xFC;men, L&#xFC;tf&#xFC;</subfield>
  </datafield>
  <datafield tag="740" ind1=" " ind2=" ">
    <subfield code="a">Parazitlerin biyolojisinde muhtelif hayvanlar&#x131;n rol&#xFC; ve insanlara naklettikleri hastal&#x131;klar&#x131;n ehemmiyeti</subfield>
  </datafield>
  <datafield tag="740" ind1=" " ind2=" ">
    <subfield code="a">Memleketimizin t&#x131;bbi nebati mahsulleri(droglar&#x131;) hakk&#x131;nda bir ka&#xE7; s&#xF6;z</subfield>
  </datafield>
  <datafield tag="740" ind1=" " ind2=" ">
    <subfield code="a">&#xC7;enelerin fena kapanmas&#x131; ve bunlar&#x131; v&#xFC;cude getiren sebeplerin meni</subfield>
  </datafield>
  <datafield tag="740" ind1=" " ind2=" ">
    <subfield code="a">Kastamoni meyvecili&#x11F;ine biyolojik bir bak&#x131;&#x15F;</subfield>
  </datafield>
  <datafield tag="830" ind1=" " ind2=" ">
    <subfield code="a">CHP Yay&#x131;nlar&#x131;</subfield>
  </datafield>
  <datafield tag="942" ind1=" " ind2=" ">
    <subfield code="2">ddc</subfield>
    <subfield code="c">BKS</subfield>
  </datafield>
  <datafield tag="952" ind1=" " ind2=" ">
    <subfield code="a">0001</subfield>
    <subfield code="b">0001</subfield>
    <subfield code="d">2016-10-04</subfield>
    <subfield code="e">2</subfield>
    <subfield code="h">c.7</subfield>
    <subfield code="l">0</subfield>
    <subfield code="o">CHP 324.217207 O62c 1940</subfield>
    <subfield code="p">004329</subfield>
    <subfield code="r">2016-10-04 00:00:00</subfield>
    <subfield code="v">0.00</subfield>
    <subfield code="w">2016-10-04</subfield>
    <subfield code="y">BKS</subfield>
  </datafield>
  <datafield tag="952" ind1=" " ind2=" ">
    <subfield code="a">0001</subfield>
    <subfield code="b">0001</subfield>
    <subfield code="d">2016-10-04</subfield>
    <subfield code="e">2</subfield>
    <subfield code="l">0</subfield>
    <subfield code="o">CHP 324.217207 O62c 1940</subfield>
    <subfield code="p">004330</subfield>
    <subfield code="r">2016-10-04 00:00:00</subfield>
    <subfield code="t">k.2</subfield>
    <subfield code="v">0.00</subfield>
    <subfield code="w">2016-10-04</subfield>
    <subfield code="y">BKS</subfield>
  </datafield>
  <datafield tag="952" ind1=" " ind2=" ">
    <subfield code="a">0001</subfield>
    <subfield code="b">0001</subfield>
    <subfield code="d">2016-10-04</subfield>
    <subfield code="e">2</subfield>
    <subfield code="l">0</subfield>
    <subfield code="o">CHP 324.217207 O62c 1940</subfield>
    <subfield code="p">004331</subfield>
    <subfield code="r">2016-10-04 00:00:00</subfield>
    <subfield code="t">k.3</subfield>
    <subfield code="v">0.00</subfield>
    <subfield code="w">2016-10-04</subfield>
    <subfield code="y">BKS</subfield>
  </datafield>
  <datafield tag="999" ind1=" " ind2=" ">
    <subfield code="c">8517</subfield>
    <subfield code="d">8517</subfield>
  </datafield>
</record>
